00761nam a2200229Ia 4500020002300000082001800023245004400041260003900085500002300124650003300147650003400180650002700214650004200241650002400283650004700307650002500354650002600379650002600405650003600431650003700467700002700504 a850654000500855131 a954.04092 DEE 0aDeendayal Upadhyaya: sampoorna vangmaya aNew DelhibPrabhat Prakashanc2017 aContents: 15 Vols. aPoliticalvBiographyzBharat aChandra guptazAncient period aChanakya neetizMagadh aBhartiya jan sanghvNajarbandi Kanoon aPanchvarsiya yojana aBanglore adhiveshanvPolitical diaryz1959 aChina aakrimanz1961 aKashmir samasyaz1962 aCommunist partyz1963 aEkatam manavtavadvSang Shiksha aUpadhyaya ki mirutuvJanch aayog aSharma, Mahesh Chandra